00510nam a22001457a 4500003000500000038001800005082000800023100001800031245013500049264003500184300002500219650002100244700004100265856005800306NUST aNusrat Nadeem a200 aAftab, Kanwal aEnhancing aquaculture sustainability through automated biomass estimation, disease detection, and behavior analysis/cKanwal Aftab aIslamabad,bSEECS NUST,c2023. aill:b104,p:c30,cm. aMS-Data Science  aSupervisor: Dr. Muhammad Moazam Fraz u http://10.250.8.41:8080/xmlui/handle/123456789/40665